03153nam a2200409 a 4500001001200000003000800012006001900020007001500039008004100054010001700095020002900112020001800141020001800159020002700177040002100204035002100225050002300246082001900269100002100288245012900309250001200438260003600450300002600486504005100512505107700563520060601640533015202246650004202398650001902440650003602459650002802495655002902523700002802552700002002580710001702600856012602617ebr10521438CaPaEBRm u cr cn|||||||||110708s2012 njua sb 001 0 eng d z 2011029117 z9780470907764 (hardback) z9781118149737 z9781118149720 z9781118149713 (e-book) aCaPaEBRcCaPaEBR a(OCoLC)77542025514aHA29b.W445 2012eb04a519.5024/32231 aWelkowitz, Joan.10aIntroductory statistics for the behavioral sciencesh[electronic resource] /cJoan Welkowitz, Barry H. Cohen, R. Brooke Lea. a7th ed. aHoboken, N.J. :bWiley,cc2012. axxiii, 545 p. :bill. aIncludes bibliographical references and index.8 aMachine generated contents note: Part I Descriptive Statistics Chapter 1: Introduction Chapter 2: Frequency Distributions and Graphs Chapter 3: Measures of Central Tendency and Variability Chapter 4: Standardized Scores and the Normal Distribution Part II Basic Inferential Statistics Chapter 5: Introduction to Statistical Inference Chapter 6: The One-Sample t Test and Interval Estimation Chapter 7: Testing Hypotheses about the Difference between the Means of Two Populations Chapter 8: Nonparametric Tests for the Difference between Two Means Chapter 9: Linear Correlation Chapter 10: Prediction and Linear Regression Chapter 11: Introduction to Power Analysis Part III Analysis of Variance Methods Chapter 12: One-Way Analysis of Variance Chapter 13: Multiple Comparisons Chapter 14: Introduction to Factorial Design: Two-Way Analysis of Variance Chapter 15: Repeated-Measures ANOVA Part IV Nonparametric Statistics for Categorical Data Chapter 16: Probability of Discrete Events and the Binomial Distribution Chapter 17: Chi Square Tests Appendix Glossary of Terms. a"This popular and well-respected statistics text has been thoroughly revised to present all the topics behavioral science students need. Now featuring expanded Web sites for instructors and students, the authors provide a framework that connects all of the topics in the text and allows for easy comparison of different statistical analyses. Refined over seven editions by master teachers, this book gives instructors and students alike the well laid out examples and exercises to support the teaching and learning of statistics for both manipulation and consumption of data"--cProvided by publisher. aElectronic reproduction.bPalo Alto, Calif. :cebrary,d2012.nAvailable via World Wide Web.nAccess may be limited to ebrary affiliated libraries. 0aSocial sciencesxStatistical methods. 0aPsychometrics. 0aSociologyxStatistical methods. 0aEducational statistics. 7aElectronic books.2local1 aCohen, Barry H.,d1949-1 aLea, R. Brooke.2 aebrary, Inc.40uhttp://site.ebrary.com/lib/rucke/Doc?id=10521438zAn electronic book accessible through the World Wide Web; click to view